| 000 | 00973nam a22002297a 4500 | ||
|---|---|---|---|
| 999 |
_c27834 _d27834 |
||
| 003 | BDDh-ASL | ||
| 005 | 20231016062618.0 | ||
| 008 | 201114s1958 b ||||| |||| 00| 0 b d | ||
| 040 |
_aBDDh-ASL _cBDDh-ASL |
||
| 041 | _aben | ||
| 082 |
_a921.912 _bIQS |
||
| 100 | 1 |
_9816 _aইকবাল, আল্লামা মুহাম্মদ |
|
| 245 | 1 | 0 | _aইকবালের শিক্ষাদর্শন / |
| 246 | _aIqbaler Shikhadarshan | ||
| 260 |
_aঢাকা: _bমাহফুয পাবলিকেশন্স, _c১৯৫৮। |
||
| 300 |
_a২৪৮ পৃষ্ঠা, : _c২২ সে. মি. |
||
| 600 | 1 | 0 |
_9816 _aইকবাল, আল্লামা মুহাম্মদ |
| 650 | 0 |
_abiographical dictionary - চরিতাভিধান _94665 |
|
| 700 | 1 |
_95978 _aসাঈয়েদাইন, খাজা গোলামুস |
|
| 700 | 1 |
_95979 _aমান্নান, সৈয়দ আবদুল |
|
| 942 |
_2ddc _cBK |
||